Ziix quih icaamx quih cmaa quiih quih Cristo quij itoon hant com cöoomjc ac : el Nuevo Testamento en seri de Sonora /

Guardado en:
書目詳細資料
格式: 圖書
出版: México : Liga del Sembrador, 1982
標簽: 添加標簽
沒有標簽, 成為第一個標記此記錄!

MARC

LEADER 00000nam^a2200000^a^4500
001 000432233
005 20250526000000.0
009 20260310123010.669
037 |a Acervo ITESO - Biblioteca 
041 |a SER 
091 |a FHM. 05936 
245 0 0 |a Ziix quih icaamx quih cmaa quiih quih Cristo quij itoon hant com cöoomjc ac :  |b el Nuevo Testamento en seri de Sonora / 
264 1 |a México :  |b Liga del Sembrador,  |c 1982 
300 |a 1184 p. ;  |c 21.5 cm. 
336 |a texto  |b txt  |2 rdacontenido 
337 |a sin mediación  |b n  |2 rdamedio 
338 |a volumen  |b nc  |2 rdasoporte 
649 |a XX 
910 |a Fondo Hugo B. Margáin 
920 |a Impresos - Libros 
930 |a Libros Antiguos y Raros 
905 |a 126 
901 |a 0500315826  |b IT2  |c LRA  |i D107241  |u 20250526 
902 |a https://opac.biblio.iteso.mx/vufind/Record/000432233